Drone Warefare Killing by Remote Control (Record no. 322953)
[ view plain ]
| 000 -LEADER | |
|---|---|
| fixed length control field | 00279 a2200109 4500 |
| 001 - CONTROL NUMBER | |
| control field | 87880 |
| 003 - CONTROL NUMBER IDENTIFIER | |
| control field | NUST |
| 082 ## - DEWEY DECIMAL CLASSIFICATION NUMBER | |
| Classification number | 623.7469 BEN |
| 100 ## - MAIN ENTRY--PERSONAL NAME | |
| Personal name | Benjamir Medea |
| 9 (RLIN) | 9728 |
| 245 ## - TITLE STATEMENT | |
| Title | Drone Warefare Killing by Remote Control |
| 260 ## - PUBLICATION, DISTRIBUTION, ETC. | |
| Place of publication, distribution, etc. | India |
| Name of publisher, distributor, etc. | Harper Collins |
| Date of publication, distribution, etc. | 2012 |
| 942 ## - ADDED ENTRY ELEMENTS (KOHA) | |
| Institution code [OBSOLETE] | CAE NUST |
| Koha item type | Book |
| Call number prefix | 623.7469 BEN |
| Source of classification or shelving scheme | |
| Withdrawn status | Lost status | Damaged status | Not for loan | Collection code | Permanent Location | Current Location | Date acquired | Total Checkouts | Full call number | Barcode | Date last seen | Price effective from | Koha item type |
|---|---|---|---|---|---|---|---|---|---|---|---|---|---|
| College of Aeronautical Engineering (CAE) | College of Aeronautical Engineering (CAE) | 04/03/2017 | 623.7469 BEN | CAE85959 | 04/05/2017 | 04/05/2017 | Book |
